000 00680nam a22002537a 4500
003 UA-OsUOA
001 52917
007 ta
008 20080305b un ||||| |||| 00| 0 ukr d
100 _aТолочко Л. І.
700 _aГрибовська О. В.
090 _a726.1(477)
_bТ52
942 _cBK
040 _aUA-OsUOA
_bukr
_cUA-OsUOA
_dUA-OsUOA
245 _aПам'ятник святому князю Володимиру у Києві
300 _a144 с.
955 _a1
041 _aukr
080 _a726.1(477)
020 _a966-575-058-5
260 _aК.
_bТехніка
_c2007
650 7 _a72 Архітектура
_2UDC
999 _c339001
_d339001